| 000 | 00636nam a22001337a 4500 | ||
|---|---|---|---|
| 040 | _cRUA | ||
| 082 | _aAGR TRY 2012 B050 Or.1 | ||
| 100 | _aTRY, ENGMEAN | ||
| 245 | _aHerbcidie utilizion on vegetables in saang distict,kandal province, ការប្រើប្រាស់ថ្នាំកសិកម្មសម្លាប់ស្មៅលើដំណាំបន្លែនៅស្រុកស្អាង ខេត្តកណ្តាល | ||
| 260 |
_aPhnom Penh _bRUA _c2012 |
||
| 300 |
_axiv; 57p. _bill. _c29cm. |
||
| 856 | _uhttps://drive.google.com/file/d/1K3vQ-tzbtbNyztwiy8sXiq2pH3X4oZWa/view?usp=sharing | ||
| 942 | _cAGR | ||
| 999 |
_c1655 _d1655 |
||